000 00202 a2200097 4500
020 _a9788437614717
041 _aspa
100 _aBocchetti, Alessandra
245 _aLo Que quiere una mujer
942 _cBK
999 _c11023
_d11023